| 000 | 00431nam a2200157Ia 4500 | ||
|---|---|---|---|
| 008 | 240729s9999 xx 000 0 und d | ||
| 022 | _a2813-9097 | ||
| 245 | 0 | _aFrontiers in Fish Science | |
| 260 | _aSwitzerland | ||
| 260 | _bFrontiers Media S.A. | ||
| 650 | _a Aquaculture. Fisheries. Angling | ||
| 650 | _aAgriculture | ||
| 856 | _uhttps://doaj.org/toc/19e3acdfb50d482184820360e6eb0039 | ||
| 942 | _2ddc | ||
| 942 | _cDOAJEJ | ||
| 999 |
_c74688 _d74688 |
||
| 945 |
_a1 _bMadushi Gamage _c1 _dMadushi Gamage |
||